000 00668nam0a22002291 4500
001 rc\657707
005 20250621201629.0
035 _a(NLR Aleph) 005897168
090 _a6238508
_c6238508
100 _a20031121d1986 |||y0rusy50 ca
101 0 _arus
102 _aRU
105 _ay |||||||||
200 1 _aИзучение орфоэпии в школе
_eПособие для учителя
210 _aКиев
_cРад. школа
_d1986
215 _a134, [2] с.
_d20
700 1 _aЮрчук
_bТ.Г.
_gТатьяна Григорьевна
801 0 _aRU
_bNLR
_gpsbo
801 1 _aRU
_bELAR
_2rusmarc
852 _aNLR
_j86-3/4412
942 _cBOOK
980 _aNB